Cómo se produce el texto escrito: teoría y práctica
Zapisane w:
| 1. autor: | |
|---|---|
| Format: | Książka |
| Język: | hiszpański |
| Wydane: |
Bogotá
Magisterio
1996
|
| Wydanie: | 2a. ed |
| Seria: | Colección Aula Abierta
|
| Hasła przedmiotowe: | |
| Etykiety: |
Dodaj etykietę
Nie ma etykietki, Dołącz pierwszą etykiete!
|
MARC
| LEADER | 00000nam a2200000 a 4500 | ||
|---|---|---|---|
| 001 | UCO9235 | ||
| 003 | CL-VaPUC | ||
| 008 | 010125e19960000CK |||||||||||||||||spa|d | ||
| 082 | 0 | 4 | |a 465 |b PAR |2 21 |
| 100 | |a Parra, Marina |e autora |9 455591 | ||
| 245 | 1 | 0 | |a Cómo se produce el texto escrito: teoría y práctica |
| 250 | |a 2a. ed | ||
| 300 | |a 165 p | ||
| 942 | |c BK | ||
| 945 | |d 20010125 00:00:00 |a vberengu | ||
| 260 | |a Bogotá |b Magisterio |c 1996 | ||
| 650 | 0 | |a Comunicación |9 257251 | |
| 650 | 0 | |a Lingüística |9 265068 | |
| 650 | 7 | |a ORACION GRAMATICA |2 CL-VaPUC |9 454267 | |
| 650 | 0 | |a Proceso de comunicación |9 332060 | |
| 650 | 7 | |a TEXTO |2 CL-VaPUC |9 373462 | |
| 583 | |a last modification |c 20010125 00:00:00 |k Rodrigo Vera | ||
| 490 | 0 | |a Colección Aula Abierta | |
| 999 | |c 293507 |d 293505 | ||
| 952 | |0 0 |1 0 |4 0 |6 465_000000000000000_PAR_1996 |7 0 |8 A |9 345075 |a FDOPOS |b FDOPOS |d 2019-11-20 |i 3690482 |o 465 PAR 1996 |p 3690482 |r 2025-01-22 |w 2019-11-20 |y BK |k MLA | ||
| 952 | |0 0 |1 0 |4 0 |6 465_000000000000000_PAR_1996 |7 0 |8 A |9 345076 |a BIBEDU |b BIBEDU |d 2019-11-20 |i 3898326 |o 465 PAR 1996 |p 3898326 |r 2019-11-20 |w 2019-11-20 |y BK |k EPE | ||